Primitive Italy and the beginnings of Roman imperialism / (Record no. 24819)
[ view plain ]
| 000 -LEADER | |
|---|---|
| fixed length control field | 01011cam a22002891 4500 |
| 001 - CONTROL NUMBER | |
| control field | 24819 |
| 003 - CONTROL NUMBER IDENTIFIER | |
| rucl marc code | BD-RjUL |
| 005 - DATE AND TIME OF LATEST TRANSACTION | |
| control field | 20211209001113.0 |
| 008 - FIXED-LENGTH DATA ELEMENTS--GENERAL INFORMATION | |
| fixed length control field | 140315s1927 enkabe b 001 0 eng d |
| 035 ## - SYSTEM CONTROL NUMBER | |
| System control number | (BD-RjUL)24888 |
| System control number | (OCoLC)1526885 |
| 040 ## - CATALOGING SOURCE | |
| Original cataloging agency | DLC |
| Transcribing agency | FJ |
| Modifying agency | OCoLC |
| -- | DLC |
| -- | BD-RjUL |
| Language of cataloging | eng |
| 041 1# - LANGUAGE CODE | |
| Language code of text/sound track or separate title | eng |
| Language code of original | fre |
| 082 00 - DEWEY DECIMAL CLASSIFICATION NUMBER | |
| Classification number | 945 |
| Author mark and year | HOP 1927 |
| 100 1# - MAIN ENTRY--PERSONAL NAME | |
| Personal name | Homo, Léon, |
| Dates associated with a name | 1872-1957. |
| 9 (RLIN) | 74985 |
| 245 10 - TITLE STATEMENT | |
| Title | Primitive Italy and the beginnings of Roman imperialism / |
| Statement of responsibility, etc. | by Leon Homo ... |
| 260 ## - PUBLICATION, DISTRIBUTION, ETC. (IMPRINT) | |
| Place of publication, distribution, etc. | London : |
| Name of publisher, distributor, etc. | K. Paul, Trench, Trübner & Co., ltd.; |
| Place of publication, distribution, etc. | New York : |
| Name of publisher, distributor, etc. | A. A. Knopf, |
| Date of publication, distribution, etc. | 1927. |
| 300 ## - PHYSICAL DESCRIPTION | |
| Pagination | xv, 370, [1] p. : |
| Illustrations | illus. (plans) maps (1 fold.) ; |
| Size | 25 cm. |
| 500 ## - GENERAL NOTE | |
| General note | "Translation by V. Gordon Childe." |
| 504 ## - BIBLIOGRAPHY, ETC. NOTE | |
| Bibliography, etc | Bibliography: p. 353-365. and Index |
| 651 #0 - SUBJECT ADDED ENTRY--GEOGRAPHIC NAME | |
| Geographic name | Italy |
| General subdivision | History |
| Chronological subdivision | To 476. |
| 9 (RLIN) | 76406 |
| Geographic name | Rome |
| General subdivision | History |
| Chronological subdivision | To 510 B.C. |
| 9 (RLIN) | 76407 |
| 942 ## - ADDED ENTRY ELEMENTS (KOHA) | |
| Source of classification or shelving scheme | Dewey Decimal Classification |
| Koha item type | Books |
| Lost status | Source of classification or shelving scheme | Damaged status | Not for loan | Collection code | Permanent Location | Current Location | Shelving location | Date acquired | Source of acquisition | Cost, normal purchase price | Total Checkouts | Full call number | Date last seen | Copy number | Koha item type |
|---|---|---|---|---|---|---|---|---|---|---|---|---|---|---|---|
| Dewey Decimal Classification | Added to bundle | Non-fiction | Central Library, University of Rajshahi | Central Library, University of Rajshahi | Reading Room | 06/12/1957 | Pul United ltd | 22.12 | 945 HOP 1927 | 15/03/2014 | C-1 | Books |